000 00513nam a2200169Ia 4500
003 GCL
008 140319s9999 xx 000 0 ara d
040 _aGCL /
_cGCL
082 0 4 _aق
_b320
_bم م
100 1 _aملحم قربان
245 1 0 _aالمنهجية والسياسة /
_cملحم قربان
260 _a[S.N] :
_bالمؤسسة الجامعية للدراسات والنشر والتوزيع ،
_c1986
490 _a
650 0 4 _aالسياسة
650 0 4 _aالمنهجية
942 _2ddc
_cBK
999 _c57846
_d57846